新約概論 = New testament survey / (Record no. 38961)
[ view plain ]
| 000 -LEADER | |
|---|---|
| fixed length control field | 00427nam a22001577a 4500 |
| 008 - FIXED-LENGTH DATA ELEMENTS--GENERAL INFORMATION | |
| fixed length control field | 150702t2013 ch ||||| |||| 00| 0 chi d |
| 020 ## - INTERNATIONAL STANDARD BOOK NUMBER | |
| International Standard Book Number | 957984299X |
| 050 ## - LIBRARY OF CONGRESS CALL NUMBER | |
| Classification number | BS2368.C6 |
| 100 ## - MAIN ENTRY--PERSONAL NAME | |
| Personal name | 馬有藻 |
| 245 1# - TITLE STATEMENT | |
| Title | 新約概論 = New testament survey / |
| Statement of responsibility, etc | 馬有藻著. |
| 250 ## - EDITION STATEMENT | |
| Edition statement | 16版 |
| 260 ## - PUBLICATION, DISTRIBUTION, ETC. (IMPRINT) | |
| Place of publication, distribution, etc | 新北市 : |
| Name of publisher, distributor, etc | 臺灣中國信徒佈道會, |
| Date of publication, distribution, etc | 2013. |
| 300 ## - PHYSICAL DESCRIPTION | |
| Extent | 452p. |
| 650 ## - SUBJECT ADDED ENTRY--TOPICAL TERM | |
| Topical term or geographic name as entry element | Bible.--New Testament |
| 942 ## - ADDED ENTRY ELEMENTS (KOHA) | |
| Source of classification or shelving scheme | Library of Congress Classification |
| Item type | Books |
| Withdrawn status | Lost status | Source of classification or shelving scheme | Damaged status | Not for loan | Home library | Current library | Shelving location | Date acquired | Accession number | Total Checkouts | Full call number | Barcode | Date last seen | Price effective from | Koha item type |
|---|---|---|---|---|---|---|---|---|---|---|---|---|---|---|---|
| Library of Congress Classification | BSOP Library | BSOP Library | Chinese Books (General Circulation) | 07/02/2015 | C-14002 | CH BS 2368.C6 M11 | 00046405 | 07/02/2015 | 07/02/2015 | Books | |||||
| Library of Congress Classification | BSOP Library | BSOP Library | Chinese Books (General Circulation) | 07/04/2015 | C-14465 | CH BS 2368.C6 M11 c.3 | 00046869 | 07/04/2015 | 07/04/2015 | Books |
